Flood of September 10, 1996, in Bayamon, Puerto Rico, U.S. Geological Survey, Water-Resources Investigations Report 98-4120, 1998.

Bibliographic Details
Corporate Author: Geological Survey (U.S.)
Format: Government Document Book
Language:English
Published: [Place of publication not identified] : [publisher not identified], [1999?]

MARC

Tag First Indicator Second Indicator Subfields
LEADER 00000cam a22000007a 4500
001 in00000002047
005 20151007050836.0
008 990213s1999 xxu f000 0 eng d
035 |a (OCoLC) 
035 |a tmp97141312 
035 |9 AJE6465AM 
040 |a MvI  |c MvI  |d UtOrBLW 
049 |a UDOC 
074 |a 0624-B 
086 0 |a I 19.42/4:98-4120 
245 0 0 |a Flood of September 10, 1996, in Bayamon, Puerto Rico, U.S. Geological Survey, Water-Resources Investigations Report 98-4120, 1998. 
264 1 |a [Place of publication not identified] :  |b [publisher not identified],  |c [1999?] 
336 |a text  |b txt  |2 rdacontent 
337 |a unmediated  |b n  |2 rdamedia 
338 |a volume  |b nc  |2 rdacarrier 
500 |a Shipping List #: 99-0130-P 
500 |a Shipping List Date: 02/04/99 
710 2 |a Geological Survey (U.S.) 
999 |a MARS 
999 f f |s 110b3a42-dc84-3d9e-9fa4-3ac8c9678458  |i 527c02a4-554e-3d1c-b8e9-7d5c91bbcac8  |t 0 
952 f f |p normal  |a Texas A&M University  |b College Station  |c Sterling C. Evans Library  |d Evans: US Documents (Annex 5th floor)  |t 0  |e I 19.42/4:98-4120  |h Superintendent of Documents classification  |i unmediated -- volume  |m A14824459870 
998 f f |a I 19.42/4:98-4120  |t 0  |l Evans: US Documents (Annex 5th floor)